000 00814cam a22002654a 4500
001 12022300
005 20171218081855.0
008 000526s2001 paua bf 001 0 eng c
010 _a 00041975
020 _a1582550832 (alk. paper)
035 _a(DNLM)100956335
040 _aDNLM/DLC
_cDLC
_dDLC
041 _aeng
042 _apcc
060 1 0 _aWY 100
_bD6112 2000
080 _a616 CHU
082 0 0 _a616 CHU
_221
100 _a3
101 _aSHM
245 0 0 _aDiseases.
504 _aIncludes bibliographical references and index.
906 _a7
_bcbc
_corignew
_d1
_eocip
_f19
_gy-gencatlg
942 _2ddc
_cBK
999 _c39095
_d39095